He Who Fights With Monsters #2 /

The secret agendas of the people of Prague extend far beyond what Dr. Radek has been doing to keep people safe. But in order to rid the city of the Nazis, safety cannot be guaranteed. In an attempt to protect the people he cares about, Radek is about to discover that sometime there is more realit...

Full description

Bibliographic Details
Corporate Author: Library Pass, LLC
Other Authors: Artibani, Francesco (writer.)
Format: eBook
Language:English
Published: [United States] : Ablaze Publishing, 2021.
Subjects:
Online Access:Connect to this electronic book (First time users create your free account)

MARC

Tag First Indicator Second Indicator Subfields
LEADER 00000nmm a22000001a 4500
001 in00004631321
006 m|||||o||m||||||||
007 cr|cn |||uuuuu
008 221118s2021 xxu||||eo|||| ||||||eng d
005 20221207222453.0
035 |a (TxWaIVM)IV84258AbHe 
040 |a TxWaIVM  |c TxWaIVM 
245 0 0 |a He Who Fights With Monsters #2 /  |c powered by Library Pass. 
260 3 |a [United States] :  |b Ablaze Publishing,  |c 2021. 
300 |a 1 online resource. 
336 |a text  |b txt  |2 rdacontent 
337 |a computer  |b c  |2 rdamedia 
338 |a online resource  |b cr  |2 rdacarrier 
520 |a The secret agendas of the people of Prague extend far beyond what Dr. Radek has been doing to keep people safe. But in order to rid the city of the Nazis, safety cannot be guaranteed. In an attempt to protect the people he cares about, Radek is about to discover that sometime there is more reality in myths than he realized, but it comes with a cost. 
521 |a 4 
538 |a Requires a valid library card and registration for new users. 
538 |a Mode of access: World Wide Web. 
538 |a System requirements: Flash 10.1 or higher, Windows XP and higher, Internet Explorer 7 and higher, Firefox 3.6 and higher, Google Chrome; Max OS 10.5 and higher, Safari 4 and higher. 
650 0 |a Comic books, strips, etc. 
655 7 |a Electronic books.  |2 local 
655 7 |a Comic books, strips, etc.  |2 gsafd 
650 0 |a Comic books, strips, etc. --History 
655 7 |a Comic books, strips, etc. --History  |2 gsafd 
650 0 |a Comic books, strips, etc. --Holidays 
655 7 |a Comic books, strips, etc. --Holidays  |2 gsafd 
650 0 |a Horror comic books, strips, etc. 
655 7 |a Horror comic books, strips, etc.  |2 gsafd 
650 0 |a Comic books, strips, etc. --Military 
655 7 |a Comic books, strips, etc. --Military  |2 gsafd 
650 0 |a Fantasy comic books, strips, etc. 
655 7 |a Fantasy comic books, strips, etc.  |2 gsafd 
700 1 |a Artibani, Francesco.  |e writer. 
700 1 |a Dell'Edera, Werther.  |e artist. 
710 2 |a Library Pass, LLC. 
856 4 0 |u http://proxy.library.tamu.edu/login?url=https://tamu.librarypass.com/product/com.iversecomics.ablaze.publishing.he.who.fights.with.monsters.two.english.10042021  |z Connect to this electronic book (First time users create your free account)  |t 0 
955 |a Comics Plus. 
999 f f |s ce44b557-329f-4477-ac3f-215fdd0a567c  |i 940af352-5914-47f2-8c29-850c43dd0974  |t 0 
952 f f |a Texas A&M University  |b College Station  |c Electronic Resources  |d Available Online  |t 0  |h Library of Congress classification 
998 f f |t 0  |l Available Online